00482 a2200169 450000100060000008200120000609000170001810000220003524500390005725000230009626000270011930000140014650000170016094200220017799900190019995200940021892150 a519 LIP c44111d44110 aSeymour Lipschutz aTheory and Problems of Probability aSI(Metric) Edition aUSAbMcGraw Hillc1981 a153p.bPb aGeneral Book aCAE NUSTk519 LIP c327223d327223 001040708NFICaCAEbCAEd2017-04-03l0o519 LIPpCAEG-9936r2017-04-05w2017-04-05yBK